000 00358 a2200109 4500
001 ART_9855
005 20260410161839.0
008 260409a
245 1 0 _aEl análisis de sensitividad aplicado a la programación lineal
100 1 _aBonatti, Patricia
773 0 _tContabilidad y administración
_g- Año 7, Nº 74 (ago. 1983)
_wREV5485
999 _c23920
_d23920